<?xml version="1.0" encoding="UTF-8"?>
<record
    xmlns:xsi="http://www.w3.org/2001/XMLSchema-instance"
    xsi:schemaLocation="http://www.loc.gov/MARC21/slim http://www.loc.gov/standards/marcxml/schema/MARC21slim.xsd"
    xmlns="http://www.loc.gov/MARC21/slim">

  <leader>03408nam a2200277 a 4500</leader>
  <controlfield tag="001">000037941</controlfield>
  <controlfield tag="005">20260305073951.0</controlfield>
  <controlfield tag="008">090130s1997    dr            001 0 spa d</controlfield>
  <datafield tag="020" ind1=" " ind2=" ">
    <subfield code="a">843997681X</subfield>
  </datafield>
  <datafield tag="040" ind1=" " ind2=" ">
    <subfield code="a">DO-SdBNP</subfield>
    <subfield code="b">spa</subfield>
    <subfield code="c">BNPHU</subfield>
  </datafield>
  <datafield tag="082" ind1=" " ind2=" ">
    <subfield code="a">972.93</subfield>
    <subfield code="b">M938m, 1997</subfield>
  </datafield>
  <datafield tag="100" ind1="1" ind2=" ">
    <subfield code="a">Moya Pons, Frank,</subfield>
    <subfield code="d">1944-</subfield>
    <subfield code="9">2095</subfield>
  </datafield>
  <datafield tag="245" ind1="1" ind2="0">
    <subfield code="a">Manual de historia dominicana /</subfield>
    <subfield code="c">Frank Moya Pons.</subfield>
  </datafield>
  <datafield tag="250" ind1=" " ind2=" ">
    <subfield code="a">11a. ed.</subfield>
  </datafield>
  <datafield tag="260" ind1=" " ind2=" ">
    <subfield code="a">Santo Domingo :</subfield>
    <subfield code="b">Caribbean Publishers,</subfield>
    <subfield code="c">1997.</subfield>
  </datafield>
  <datafield tag="300" ind1=" " ind2=" ">
    <subfield code="a">733 p. ;</subfield>
    <subfield code="c">23 cm.</subfield>
  </datafield>
  <datafield tag="500" ind1=" " ind2=" ">
    <subfield code="a">Incluye &#xED;ndice onom&#xE1;stico</subfield>
  </datafield>
  <datafield tag="504" ind1=" " ind2=" ">
    <subfield code="a">Bibliograf&#xED;a: p.591-636</subfield>
  </datafield>
  <datafield tag="505" ind1="0" ind2=" ">
    <subfield code="t">Prefacio --</subfield>
    <subfield code="g">I.</subfield>
    <subfield code="t">La sociedad ta&#xED;na --</subfield>
    <subfield code="g">II.</subfield>
    <subfield code="t">La sociedad espa&#xF1;ola en el siglo XV --</subfield>
    <subfield code="g">III.</subfield>
    <subfield code="t">El oro y las encomiendas de indios (1493-1520) --</subfield>
    <subfield code="g">IV.</subfield>
    <subfield code="t">El az&#xFA;car y la esclavitud de los negros (1520-1607) --</subfield>
    <subfield code="g">V.</subfield>
    <subfield code="t">Monopolio y contrabando en El Caribe (1503-1603) --</subfield>
    <subfield code="g">VI.</subfield>
    <subfield code="t">La ganader&#xED;a, el contrabando y las devastaciones (1503-1608) --</subfield>
    <subfield code="g">VII.</subfield>
    <subfield code="t">Consecuencias de las devastaciones (1606-1655) --</subfield>
    <subfield code="g">VIII.</subfield>
    <subfield code="t">Los bucaneros, los filibusteros y la invasi&#xF3;n inglesa de 1655 (1621-1655) --</subfield>
    <subfield code="g">IX.</subfield>
    <subfield code="t">La ocupaci&#xF3;n francesa del oeste de la isla (1655-1697) --</subfield>
    <subfield code="g">X.</subfield>
    <subfield code="t">La pobreza dominicana en la segunda mitad del siglo XVII (1655-1700) --</subfield>
    <subfield code="g">XI.</subfield>
    <subfield code="t">La recuperaci&#xF3;n econ&#xF3;mica de Santo Domingo (1697-1731) --</subfield>
    <subfield code="g">XII.</subfield>
    <subfield code="t">La ocupaci&#xF3;n francesa de las tierras fronterizas (1697-1777) --</subfield>
    <subfield code="g">XIII.</subfield>
    <subfield code="t">La formaci&#xF3;n de la frontera (1731-1789) --</subfield>
    <subfield code="g">XIV.</subfield>
    <subfield code="t">La colonia francesa de Saint Domingue y la Revoluci&#xF3;n Haitiana (1789-1804) --</subfield>
    <subfield code="g">XV.</subfield>
    <subfield code="t">El Tratado de Basilea y sus consecuencias (1795-1801) --</subfield>
    <subfield code="g">XVI.</subfield>
    <subfield code="t">La era de Francia y la reconquista (1801-1809) --</subfield>
    <subfield code="g">XVII.</subfield>
    <subfield code="t">La Espa&#xF1;a Boba y la invasi&#xF3;n de Boyer (1809-1822) --</subfield>
    <subfield code="g">XVIII.</subfield>
    <subfield code="t">La dominaci&#xF3;n haitiana: comienzos (1822-1825) --</subfield>
    <subfield code="g">XIX.</subfield>
    <subfield code="t">La dominaci&#xF3;n haitiana: problemas (1826-1838) --</subfield>
    <subfield code="g">XX.</subfield>
    <subfield code="t">La Trinitaria, la reforma y la ca&#xED;da de Boyer (1838-1843) --</subfield>
    <subfield code="g">XXI.</subfield>
    <subfield code="t">La separaci&#xF3;n (1843-1844) --</subfield>
    <subfield code="g">XXII.</subfield>
    <subfield code="t">Guerra y pol&#xED;tica en el a&#xF1;o 1844 --</subfield>
    <subfield code="g">XXIII.</subfield>
    <subfield code="t">Santana (1844-1857) --</subfield>
  </datafield>
  <datafield tag="505" ind1="0" ind2=" ">
    <subfield code="g">XXIV.</subfield>
    <subfield code="t">Santana y B&#xE1;ez (1849-1857) --</subfield>
    <subfield code="g">XXV.</subfield>
    <subfield code="t">Causas y consecuencias de la revoluci&#xF3;n de 1857 (1844-1861) --</subfield>
    <subfield code="g">XXVI.</subfield>
    <subfield code="t">La anexi&#xF3;n y la Restauraci&#xF3;n (1861-1865) --</subfield>
    <subfield code="g">XXVII.</subfield>
    <subfield code="t">La Restauraci&#xF3;n y sus efectos inmediatos (1865-1868) --</subfield>
    <subfield code="g">XXVIII.</subfield>
    <subfield code="t">Los seis a&#xF1;os de B&#xE1;ez (1868-1873) --</subfield>
    <subfield code="g">XXVIII.</subfield>
    <subfield code="t">Los seis a&#xF1;os de B&#xE1;ez (1868-1873) --</subfield>
    <subfield code="g">XXIX</subfield>
    <subfield code="t">Rojos, verdes y azules (1873-1879) --</subfield>
    <subfield code="g">XXX.</subfield>
    <subfield code="t">Los gobiernos azules (1879-1886) --</subfield>
    <subfield code="g">XXXI.</subfield>
    <subfield code="t">La econom&#xED;a dominicana y el Partido Azul (1865-1886) --</subfield>
    <subfield code="g">XXXII.</subfield>
    <subfield code="t">Lil&#xED;s y las deudas (1887-1899) --</subfield>
    <subfield code="g">XXXIII.</subfield>
    <subfield code="t">La deuda y los comienzos de la influencia americana (1899-1907) --</subfield>
    <subfield code="g">XXXIV.</subfield>
    <subfield code="t">Ram&#xF3;n C&#xE1;ceres (1906-1911) --</subfield>
    <subfield code="g">XXXV.</subfield>
    <subfield code="t">El derrumbe de la soberan&#xED;a (1911-1916) --</subfield>
    <subfield code="g">XXXVI.</subfield>
    <subfield code="t">La ocupaci&#xF3;n militar norteamericana (1916-1924) --</subfield>
    <subfield code="g">XXXVII.</subfield>
    <subfield code="t">Horacio V&#xE1;zquez (1924-1930) --</subfield>
    <subfield code="g">XXXVIII.</subfield>
    <subfield code="t">La Era de Trujillo (1930-1961) --</subfield>
    <subfield code="g">XXXIX.</subfield>
    <subfield code="t">Democratizaci&#xF3;n y guerra civil (1961-1966) --</subfield>
    <subfield code="g">XL.</subfield>
    <subfield code="t">Los Doce A&#xF1;os de Balaguer (1966-1978) --</subfield>
    <subfield code="g">XLI.</subfield>
    <subfield code="t">Antonio Guzm&#xE1;n (1978-1982) --</subfield>
    <subfield code="g">XLII.</subfield>
    <subfield code="t">Salvador Jorge Blanco (1982-1986) --</subfield>
    <subfield code="g">XLIII.</subfield>
    <subfield code="t">El retorno de Balaguer (1986-1990) --</subfield>
    <subfield code="t">Bibliograf&#xED;a.</subfield>
  </datafield>
  <datafield tag="651" ind1=" " ind2="4">
    <subfield code="a">Rep&#xFA;blica Dominicana</subfield>
    <subfield code="x">Historia</subfield>
    <subfield code="9">170</subfield>
  </datafield>
  <datafield tag="651" ind1=" " ind2="4">
    <subfield code="a">Rep&#xFA;blica Dominicana</subfield>
    <subfield code="x">Condiciones Econ&#xF3;micas</subfield>
    <subfield code="x">Historia</subfield>
    <subfield code="9">1210</subfield>
  </datafield>
  <datafield tag="651" ind1=" " ind2="4">
    <subfield code="a">Rep&#xFA;blica Dominicana</subfield>
    <subfield code="x">Condiciones Sociales</subfield>
    <subfield code="x">Historia</subfield>
    <subfield code="9">1211</subfield>
  </datafield>
  <datafield tag="651" ind1=" " ind2="4">
    <subfield code="a">Rep&#xFA;blica Dominicana</subfield>
    <subfield code="x">Pol&#xED;tica Y Gobierno</subfield>
    <subfield code="x">Historia</subfield>
    <subfield code="9">1212</subfield>
  </datafield>
  <datafield tag="910" ind1=" " ind2=" ">
    <subfield code="a">Validado. Control de calidad MFF</subfield>
  </datafield>
  <datafield tag="952" ind1=" " ind2=" ">
    <subfield code="0">0</subfield>
    <subfield code="1">0</subfield>
    <subfield code="7">1</subfield>
    <subfield code="8">PD</subfield>
    <subfield code="a">PD</subfield>
    <subfield code="b">PD</subfield>
    <subfield code="c">HD</subfield>
    <subfield code="d">2013-03-11</subfield>
    <subfield code="i">LF1</subfield>
    <subfield code="l">0</subfield>
    <subfield code="o">972.93 M938m, 1997</subfield>
    <subfield code="p">37941-10</subfield>
    <subfield code="r">2020-06-25</subfield>
    <subfield code="w">2020-06-25</subfield>
    <subfield code="y">LFPD</subfield>
    <subfield code="Z">No se presta</subfield>
  </datafield>
  <datafield tag="999" ind1=" " ind2=" ">
    <subfield code="c">37431</subfield>
    <subfield code="d">37431</subfield>
  </datafield>
</record>
